| 000 | 00371nam a2200121 4500 | ||
|---|---|---|---|
| 082 | _a628.114MCL | ||
| 100 | _aMcleish, A. | ||
| 245 | _aUnder Water Concreting and Repair | ||
| 260 |
_aNew York: _bHalsted Press, _c1994. |
||
| 300 | _a148p. ; | ||
| 856 | _uhttp://books.google.com.pk/books/about/Underwater_concreting_and_repair.html?id=8pRRAAAAMAAJ&redir_esc=y | ||
| 942 | _cBK | ||
| 999 |
_c7300 _d7300 |
||